Firmvér riadiaceho systému s monitorovaním stavu technologického zariadenia v prostredí Internetu vecí v reálnom čase

Na minha lista:
Detalhes bibliográficos
Autor principal: Zeleňák, Jakub (Author)
Outros Autores: Krajčovič, Tibor (Thesis advisor)
Formato: Manuscrito Livro
Idioma:eslovaco
Publicado em: 2021
Assuntos:
Acesso em linha:http://is.stuba.sk/zp/portal_zp.pl?podrobnosti=159000
Tags: Adicionar Tag
Sem tags, seja o primeiro a adicionar uma tag!

MARC

LEADER 00000ntm a22000003a 4500
001 stuzp85710
003 SK-STU
005 20210619212122.9
007 ta
008 150427s2015----xo-----f-mn---000-0-slo-d
040 |a STU  |b slo 
041 0 |a slo 
100 1 |a Zeleňák, Jakub  |u 070400  |4 aut  |U FIIT Fakulta informatiky a informačných technológií  |T FIIT Ústav počítačového inžinierstva a aplikovanej informatiky  |X 79821  |U I400  |Y 672  |7 79821 
242 0 1 |a Control system firmware with status monitoring of technological equipment in the Internet of Things in real-time  |y eng 
245 1 0 |a Firmvér riadiaceho systému s monitorovaním stavu technologického zariadenia v prostredí Internetu vecí v reálnom čase 
260 |c 2021 
650 4 |a Vnorené systémy  |2 slo 
650 4 |a Firmvér  |2 slo 
650 4 |a Výťah  |2 slo 
650 4 |a Internet vecí  |2 slo 
650 4 |a Výťahový simulátor  |2 slo 
650 4 |a Elevator  |2 eng 
650 4 |a Elevator simulator  |2 eng 
650 4 |a Embedded systems  |2 eng 
650 4 |a Firmware  |2 eng 
650 4 |a Internet of things  |2 eng 
700 1 |a Krajčovič, Tibor  |u 070400  |k Z1  |4 ths  |U FIIT Fakulta informatiky a informačných technológií  |T FIIT Ústav počítačového inžinierstva a aplikovanej informatiky  |X 1869  |U I400  |Y 672  |7 1869 
856 4 |u http://is.stuba.sk/zp/portal_zp.pl?podrobnosti=159000